| 000 | 01027nam0a2200289 4500 | ||
|---|---|---|---|
| 001 | RU\NLR\BIBL_A\012422890 | ||
| 005 | 20260407062725.0 | ||
| 035 | _a(NLR Aleph) 012422890 | ||
| 090 |
_a11836230 _c11836230 |
||
| 100 | _a20201217d1950 |||y0rusy50 ca | ||
| 101 | 1 |
_atat _ckaz |
|
| 102 | _aRU | ||
| 105 | _ay z 000 y | ||
| 181 | 0 |
_ai _baxxe |
|
| 182 | 0 | _an | |
| 200 | 1 |
_aЧын йөрәктән _e[пер. с казах.] _fҖамбул |
|
| 203 |
_aТекст _bвизуальный _cнепосредственный |
||
| 210 |
_aКазан _cТатгосиздат. Яшьләр-балалар әдәбияты секторы _d1950 |
||
| 215 |
_a49, [1] с. _d17 |
||
| 225 | 1 | _aМәктәп көтепханәсе | |
| 541 | 1 |
_aОт всего сердца _zrus |
|
| 686 | 1 | _aШ9(2)672=Татар(Каз)-5 | |
| 700 | 0 |
_4070 _8rus _7ca _aДжамбул Джабаев _f1846-1945 _3RU\NLR\AUTH\7712905 _9122614 |
|
| 852 |
_aNLR _bОНЛ _jТатар./2-5957 |
||
| 942 | _cBOOK | ||
| 980 | _aNB | ||